<?xml version="1.0" encoding="UTF-8"?>
<record
    xmlns:xsi="http://www.w3.org/2001/XMLSchema-instance"
    xsi:schemaLocation="http://www.loc.gov/MARC21/slim http://www.loc.gov/standards/marcxml/schema/MARC21slim.xsd"
    xmlns="http://www.loc.gov/MARC21/slim">

  <leader>02057cam a2200361 i 4500</leader>
  <datafield tag="999" ind1=" " ind2=" ">
    <subfield code="c">79391</subfield>
    <subfield code="d">316668</subfield>
  </datafield>
  <controlfield tag="001">843310625</controlfield>
  <controlfield tag="003">OCoLC</controlfield>
  <controlfield tag="005">20210304180924.0</controlfield>
  <controlfield tag="008">130513s2014    njua     b    001 0 eng  </controlfield>
  <datafield tag="010" ind1=" " ind2=" ">
    <subfield code="a">2013019399</subfield>
  </datafield>
  <datafield tag="020" ind1=" " ind2=" ">
    <subfield code="a">9781556429514 (alk. paper)</subfield>
  </datafield>
  <datafield tag="020" ind1=" " ind2=" ">
    <subfield code="a">1556429517 (alk. paper)</subfield>
  </datafield>
  <datafield tag="035" ind1=" " ind2=" ">
    <subfield code="a">.b37049768</subfield>
  </datafield>
  <datafield tag="035" ind1=" " ind2=" ">
    <subfield code="a">(OCoLC)843310625</subfield>
  </datafield>
  <datafield tag="040" ind1=" " ind2=" ">
    <subfield code="a">DNLM/DLC</subfield>
    <subfield code="e">rda</subfield>
    <subfield code="b">eng</subfield>
    <subfield code="c">DLC</subfield>
    <subfield code="d">YDX</subfield>
    <subfield code="d">BTCTA</subfield>
    <subfield code="d">NLM</subfield>
    <subfield code="d">OCLCO</subfield>
    <subfield code="d">YDXCP</subfield>
    <subfield code="d">OCLCO</subfield>
  </datafield>
  <datafield tag="042" ind1=" " ind2=" ">
    <subfield code="a">pcc</subfield>
  </datafield>
  <datafield tag="050" ind1="0" ind2="0">
    <subfield code="a">RM813</subfield>
    <subfield code="b">.T44 2014</subfield>
  </datafield>
  <datafield tag="060" ind1="1" ind2="0">
    <subfield code="a">WB 520</subfield>
  </datafield>
  <datafield tag="082" ind1="0" ind2="0">
    <subfield code="a">615.853</subfield>
    <subfield code="2">23</subfield>
    <subfield code="b">USA</subfield>
  </datafield>
  <datafield tag="245" ind1="0" ind2="4">
    <subfield code="a">The use of aquatics in orthopedic and sports medicine rehabilitation and physical conditioning /</subfield>
    <subfield code="c">[edited by] Kevin E. Wilk, David M. Joyner</subfield>
  </datafield>
  <datafield tag="264" ind1=" " ind2="1">
    <subfield code="a">Thorofare, NJ :</subfield>
    <subfield code="b">SLACK Incorporated,</subfield>
    <subfield code="c">[2014]</subfield>
  </datafield>
  <datafield tag="300" ind1=" " ind2=" ">
    <subfield code="a">xii, 179 pages :</subfield>
    <subfield code="b">illustrations ;</subfield>
    <subfield code="c">29 cm</subfield>
  </datafield>
  <datafield tag="504" ind1=" " ind2=" ">
    <subfield code="a">Includes bibliographical references and index</subfield>
  </datafield>
  <datafield tag="505" ind1="0" ind2=" ">
    <subfield code="a">Aquatic therapy : history, theory, and applications / Bruce E. Becker -- Guidelines and indications for the use of aquatic therapy / Jessica Heath, and Lisa Pataky -- Pool selection, facility design, and engineering considerations -- David Joyner and Anson J. Flake -- Aquatic application for the lower extremity / Todd R. Hooks, Kevin E. Wilk, and Jason Palmer -- Aquatic application for the upper extremity / Leonard C. Macrina, A.J. Yenchak, Kevin E. Wilk, and Mike Reinold -- Aquatic rehabilitation for the spine / Timothy DiFrancesco and Lisa Pataky -- Chronic pain : fibromyalgia and other symptoms / Daniel Seidler -- Strength training and conditioning / Murphy Grant -- Sports-specific training / Murphy Grant -- Research evidence for the benefits of aquatic exercise / Stephen F. Crouse, and Dennis Dolny</subfield>
  </datafield>
  <datafield tag="650" ind1=" " ind2="0">
    <subfield code="a">Hydrotherapy</subfield>
    <subfield code="9">88241</subfield>
  </datafield>
  <datafield tag="650" ind1=" " ind2="0">
    <subfield code="a">Aquatic exercises</subfield>
    <subfield code="x">Therapeutic use</subfield>
    <subfield code="9">88242</subfield>
  </datafield>
  <datafield tag="650" ind1="1" ind2="2">
    <subfield code="a">Hydrotherapy</subfield>
    <subfield code="x">methods</subfield>
    <subfield code="9">88243</subfield>
  </datafield>
  <datafield tag="650" ind1="2" ind2="2">
    <subfield code="a">Physical Fitness</subfield>
    <subfield code="9">74921</subfield>
  </datafield>
  <datafield tag="650" ind1="2" ind2="2">
    <subfield code="a">Rehabilitation</subfield>
    <subfield code="x">methods</subfield>
    <subfield code="9">18519</subfield>
  </datafield>
  <datafield tag="700" ind1="1" ind2=" ">
    <subfield code="a">Wilk, Kevin E.,</subfield>
    <subfield code="e">editor</subfield>
    <subfield code="9">38723</subfield>
  </datafield>
  <datafield tag="700" ind1="1" ind2=" ">
    <subfield code="a">Joyner, David M.,</subfield>
    <subfield code="d">1950-</subfield>
    <subfield code="e">editor</subfield>
    <subfield code="9">88244</subfield>
  </datafield>
  <datafield tag="942" ind1=" " ind2=" ">
    <subfield code="2">ddc</subfield>
    <subfield code="c">BOOK</subfield>
  </datafield>
  <datafield tag="952" ind1=" " ind2=" ">
    <subfield code="1">0</subfield>
    <subfield code="2">2021-03-04</subfield>
    <subfield code="4">0</subfield>
    <subfield code="7">0</subfield>
    <subfield code="a">615.853 USA</subfield>
    <subfield code="d">2021-03-04</subfield>
    <subfield code="h">CL</subfield>
    <subfield code="i">00167079</subfield>
    <subfield code="m">CL</subfield>
    <subfield code="r">2021-03-04 00:00:00</subfield>
    <subfield code="t">BOOK</subfield>
    <subfield code="w">ddc</subfield>
    <subfield code="y">0</subfield>
  </datafield>
  <datafield tag="952" ind1=" " ind2=" ">
    <subfield code="1">0</subfield>
    <subfield code="2">2021-03-04</subfield>
    <subfield code="4">0</subfield>
    <subfield code="7">0</subfield>
    <subfield code="a">615.853 USA</subfield>
    <subfield code="d">2021-03-04</subfield>
    <subfield code="h">CL</subfield>
    <subfield code="i">00167080</subfield>
    <subfield code="m">CL</subfield>
    <subfield code="r">2021-03-04 00:00:00</subfield>
    <subfield code="t">BOOK</subfield>
    <subfield code="w">ddc</subfield>
    <subfield code="y">0</subfield>
  </datafield>
  <datafield tag="952" ind1=" " ind2=" ">
    <subfield code="1">0</subfield>
    <subfield code="2">2021-03-04</subfield>
    <subfield code="4">0</subfield>
    <subfield code="7">0</subfield>
    <subfield code="a">615.853 USA</subfield>
    <subfield code="d">2021-03-04</subfield>
    <subfield code="h">CL</subfield>
    <subfield code="i">00167081</subfield>
    <subfield code="m">CL</subfield>
    <subfield code="r">2021-03-04 00:00:00</subfield>
    <subfield code="t">BOOK</subfield>
    <subfield code="w">ddc</subfield>
    <subfield code="y">0</subfield>
  </datafield>
  <datafield tag="952" ind1=" " ind2=" ">
    <subfield code="1">0</subfield>
    <subfield code="2">2022-02-14</subfield>
    <subfield code="4">0</subfield>
    <subfield code="7">0</subfield>
    <subfield code="a">615.853 USA</subfield>
    <subfield code="d">2022-02-14</subfield>
    <subfield code="h">AMF</subfield>
    <subfield code="i">00168662</subfield>
    <subfield code="m">AMF</subfield>
    <subfield code="r">2022-02-14 00:00:00</subfield>
    <subfield code="t">BOOK</subfield>
    <subfield code="w">ddc</subfield>
    <subfield code="y">0</subfield>
  </datafield>
  <datafield tag="952" ind1=" " ind2=" ">
    <subfield code="1">0</subfield>
    <subfield code="2">2022-02-14</subfield>
    <subfield code="4">0</subfield>
    <subfield code="7">0</subfield>
    <subfield code="a">615.853 USA</subfield>
    <subfield code="d">2022-02-14</subfield>
    <subfield code="h">AMF</subfield>
    <subfield code="i">00168663</subfield>
    <subfield code="m">AMF</subfield>
    <subfield code="r">2022-02-14 00:00:00</subfield>
    <subfield code="t">BOOK</subfield>
    <subfield code="w">ddc</subfield>
    <subfield code="y">0</subfield>
  </datafield>
  <datafield tag="952" ind1=" " ind2=" ">
    <subfield code="1">0</subfield>
    <subfield code="2">2022-02-14</subfield>
    <subfield code="4">0</subfield>
    <subfield code="7">0</subfield>
    <subfield code="a">615.853 USA</subfield>
    <subfield code="d">2022-02-14</subfield>
    <subfield code="h">SZM</subfield>
    <subfield code="i">00168664</subfield>
    <subfield code="m">SZM</subfield>
    <subfield code="r">2022-02-14 00:00:00</subfield>
    <subfield code="t">BOOK</subfield>
    <subfield code="w">ddc</subfield>
    <subfield code="y">0</subfield>
  </datafield>
  <datafield tag="952" ind1=" " ind2=" ">
    <subfield code="1">0</subfield>
    <subfield code="2">2022-02-14</subfield>
    <subfield code="4">0</subfield>
    <subfield code="7">0</subfield>
    <subfield code="a">615.853 USA</subfield>
    <subfield code="d">2022-02-14</subfield>
    <subfield code="h">SZM</subfield>
    <subfield code="i">00168665</subfield>
    <subfield code="m">SZM</subfield>
    <subfield code="r">2022-02-14 00:00:00</subfield>
    <subfield code="t">BOOK</subfield>
    <subfield code="w">ddc</subfield>
    <subfield code="y">0</subfield>
  </datafield>
</record>
